| 000 | 00779aac a22002051u 4500 | ||
|---|---|---|---|
| 090 | _c1907 | ||
| 008 | 081109t xxu||||| |||| 00| 0 eng d | ||
| 010 | _a 95051190 | ||
| 020 | _a030645212X | ||
| 082 | 0 | 0 |
_a661.814 _bMET |
| 245 | 0 | 0 |
_aMethane and alkane conversion chemistry / _cMadan M. Bhasin and D.W.Slocum. |
| 260 |
_aNew York : _bPlenum Press, _cc1995. |
||
| 300 |
_aix, 349 p. : _bill. ; _c26 cm. |
||
| 500 | _a"Proceedings of American Chemical Society Symposium on Methane and Alkane Conversion Chemistry, held March 13-17, 1994, in San Diego, California"--T.p. verso. | ||
| 504 | _aIncludes index. | ||
| 650 | 0 |
_aOxidation _xCongresses. |
|
| 700 | 1 |
_aSlocum, D. W. _q(Donald Warren), _d1933- _9987 |
|
| 700 | 1 |
_aBhasin, Madan M. _940730 |
|
| 942 |
_cBB _k661.814MET _2ddc |
||
| 999 |
_c1907 _d1907 |
||